Công nghệ sinh học phân tử : Nguyên lý và ứng dụng của ADN tái tổ hợp
Nội dung cuốn sách trình bày tất cả các vấn đề hiện đại của công nghệ sinh học. Ba chương đầu nêu lên toàn cảnh cuộc cách mạng công nghệ sinh học, những mong muốn của con người, những gì con người đã đạt được nhờ công nghệ sinh học và...
Αποθηκεύτηκε σε:
| Κύριος συγγραφέας: | |
|---|---|
| Μορφή: | Βιβλίο |
| Γλώσσα: | Undetermined |
| Έκδοση: |
Hà Nội
Khoa học và Kỹ thuật
2009
|
| Θέματα: | |
| Ετικέτες: |
Προσθήκη ετικέτας
Δεν υπάρχουν, Καταχωρήστε ετικέτα πρώτοι!
|
| Thư viện lưu trữ: | Trung tâm Học liệu Trường Đại học Cần Thơ |
|---|
| LEADER | 01616nam a2200241Ia 4500 | ||
|---|---|---|---|
| 001 | CTU_161866 | ||
| 008 | 210402s9999 xx 000 0 und d | ||
| 020 | |c 222000 | ||
| 082 | |a 660.62 | ||
| 082 | |b G559 | ||
| 100 | |a Glick, Bernard R. | ||
| 245 | 0 | |a Công nghệ sinh học phân tử : | |
| 245 | 0 | |b Nguyên lý và ứng dụng của ADN tái tổ hợp | |
| 245 | 0 | |c Bernard R. Glick, Jack J. Pasternak ; Đỗ Lê Thăng ... [ et al. ] | |
| 260 | |a Hà Nội | ||
| 260 | |b Khoa học và Kỹ thuật | ||
| 260 | |c 2009 | ||
| 520 | |a Nội dung cuốn sách trình bày tất cả các vấn đề hiện đại của công nghệ sinh học. Ba chương đầu nêu lên toàn cảnh cuộc cách mạng công nghệ sinh học, những mong muốn của con người, những gì con người đã đạt được nhờ công nghệ sinh học và những gì đang còn nằm trong trí tưởng tượng, nhưng lại phóng đại do nhiệt tình thái quá của thông tin đại chúng. Hai chương cuối nói về các kinh nghiệm quản lý công nghệ sinh học, đặc biệt là về y đức và vai trò của bằng phát minh sáng chế trong sự nghiệp thúc đẩy công nghệ sinh học. | ||
| 526 | |a Công nghệ di truyền nâng cao | ||
| 526 | |b CSS611 | ||
| 650 | |a Molecular biotechnology,Công nghệ sinh học phân tử | ||
| 904 | |i Qhieu | ||
| 980 | |a Trung tâm Học liệu Trường Đại học Cần Thơ | ||